00888nam a2200217 a 4500008004100000020003200041040002500073041001300098044001100111080002000122100003500142245010300177250001300280260004900293300002800342500015800370700002400528958000600552999001700558952009500575951211s1981||||[C 0 slo c c16 Kčs. q(18000 výtl.) aSNKbslocSNKeAACR21 aslohrus axocSK a1 100.1(081.12)1 aLenin, Vladimir Iľjič4aut10aZobrané spisy. /Zv./ 12bOktóber 1905 - apríl 1906cVladimir Iľjič Lenin ; Oto Takáč a2., vyd. aBratislavabPravdac1981eBratislavafPravda a659 s., 30,52 AHc21 cm aLit. 65. Zozn. nenájdených prác. Reg. lit. prác a menný. Životopisné údaje. Rkp. 65 zázn. lit. o čl. a novinách v jaz. slov. a rus.1 aTakáč, Oto4bkd aA c15433d15433 011040708Ka10000b10000d2019-11-29g16.00i14458oK 011r2019-11-29w2019-11-29yOLDO